000
00245nam a22001217a 4500
020
_a
81-7862-568-7
082
_a
001
_b
STE/G
245
_a
GALAXIES
260
_a
NEW DELHI
_b
STERLING PRESS
300
_a
32
650
_a
GK
_z
NEW DELHI
942
_c
BK
999
_c
6694
_d
6694